Normal view
MARC view
- Bannister Arthur
Entry Personal Name
001 - CONTROL NUMBER
- control field: 18361
003 - CONTROL NUMBER IDENTIFIER
- control field: NUST
005 - DATE AND TIME OF LATEST TRANSACTION
- control field: 20190723100259.0
008 - FIXED-LENGTH DATA ELEMENTS
- fixed length control field: 190723|| aca||aabn | a|a d
040 ## - CATALOGING SOURCE
- Original cataloging agency: NUST
- Transcribing agency: NUST
100 ## - HEADING--PERSONAL NAME
- Personal name: Bannister Arthur
670 ## - SOURCE DATA FOUND
- Source citation: Work cat.: (NUST): Bannister Arthur , Surveying , 1998
